2023 - Year in Sports - Statistics

General Stats
  • This quiz has been taken 96 times
  • The average score is 14 of 24
Answer Stats
Month Event Answer % Correct
January This footballer officially joins Saudi club Al Nassr. Cristiano Ronaldo
93%
February This quarterback confirms he is retiring from the NFL "for good". Tom Brady
91%
February This basketballer breaks the all-time NBA point-scoring record. Lebron James
90%
July Lionel Messi debuts for this MLS team in the Leagues Cup. Inter Miami
89%
March This country hosts and wins the World Baseball Classic. Japan
75%
June This team wins their first ever NBA championship. Denver Nuggets
72%
June The PGA and LIV tours in this sport agree to a merger. Golf
71%
May This 2016 Premier League-winning football club is relegated. Leicester City
63%
December Shohei Ohtani signs a 10-year, $700 million contract with this MLB team. Los Angeles Dodgers
61%
October This nation wins their second consecutive Rugby World Cup. South Africa
59%
September This wrestling media company forms TKO Group Holdings with UFC. WWE
56%
November This country wins the ICC Cricket World Cup. Australia
54%
November The Oakland Athletics' planned relocation to this city is approved. Las Vegas
52%
April Dan Snyder agrees to sell this NFL team for a record $6 billion. Washington Commanders
51%
January This Buffalo Bills player suffers a cardiac arrest on the field. Damar Hamlin
49%
March This many people complete the Barkley Marathons for just a second time. Three
49%
July This Spanish tennis player wins his first Wimbledon men's singles title, defeating Novak Djokovic. Carlos Alcaraz
48%
September The FIBA Basketball World Cup is won by this nation for the first time. Germany
48%
October This country is announced hosts of the 2034 FIFA World Cup. Saudi Arabia
47%
December Threats against clubs joining this proposed European football league are found unlawful in court. Super League
44%
August This city hosts a record FIFA Women's World Cup Final attendance. Sydney
37%
August This sport gets a global women's attendance record of 92,003 in Nebraska. Volleyball
37%
April This English horse race is disrupted for the first time since 1997, by animal rights protestors. Grand National
20%
May MLS awards its 30th licence to a franchise in this city. San Diego
16%
No matching quizzes found
Score Distribution
Percent of People with Each Score
Percentile by Number Answered
Your Score History
You have not taken this quiz